Music Quiz

Random Music or Singers Quiz

2003 Albums Picture Click Quiz Stats

 Plays Quiz not verified by Sporcle

Support Sporcle.
Go Orange.
Score 0/24 Timer 08:00
0 Plays Today
% Correct
Beyoncé
96.1%
Dixie Chicks
93.6%
50 Cent
93.5%
Hilary Duff
93.4%
Jay Z
93.2%
Evanescence
92.8%
The Black Eyed Peas
92.8%
The White Stripes
92.2%
Britney Spears
91.1%
Ashanti
89.2%
Kelly Clarkson
89.2%
Alicia Keys
88.9%
% Correct
OutKast
88.8%
Metallica
84.5%
Nickelback
82.7%
Blink-182
82.3%
Chingy
80.3%
Ludacris
78.6%
Linkin Park
77.9%
Muse
73.7%
Radiohead
68.4%
The Strokes
65.7%
Yeah Yeah Yeahs
64.3%
Yellowcard
62.5%

You're not logged in!

Compare scores with friends on all Sporcle quizzes.
OR
Log In

From the Vault

Sporcle's Easiest Science

by Flick

Think like a proton and stay positive.
Remove Ads.
Support Sporcle.
Get the best of Sporcle when you Go Orange. This ad-free experience offers more features, more stats, and more fun while also helping to support Sporcle. Thank you for becoming a member.

Show Comments

Extras

Top Quizzes Today


Score Distribution

Your Account Isn't Verified!

In order to create a playlist on Sporcle, you need to verify the email address you used during registration. Go to your Sporcle Settings to finish the process.

Report this User

Report this user for behavior that violates our Community Guidelines.

Details: